000 00409nam a2200181Ia 4500
001 3964
005 20260306145721.0
008 260306t2004||||xx |||||||||||||| ||spa||
041 _aESP
082 _a306
_bH22
100 _aHarris, Marvin
_eAUT
245 0 _aAntropologĂ­a cultural
260 _c2004
300 _a622 páginas :
_c17 cm.
650 _aGEN
654 _aCHU
942 _cLIB
_dJUS
_fJUS
_2ddc
_n
999 _c3964
_d3964